<?xml version="1.0" encoding="UTF-8"?>
<collection xmlns="http://www.loc.gov/MARC21/slim">
 <record>
  <leader>04716cam a2200733   4500</leader>
  <controlfield tag="001">1607988240</controlfield>
  <controlfield tag="003">DE-627</controlfield>
  <controlfield tag="005">20240823120333.0</controlfield>
  <controlfield tag="007">tu</controlfield>
  <controlfield tag="008">960723s1951    gw |||||      00| ||ger c</controlfield>
  <datafield tag="016" ind1="7" ind2=" ">
   <subfield code="a">455694567</subfield>
   <subfield code="2">DE-101</subfield>
  </datafield>
  <datafield tag="020" ind1=" " ind2=" ">
   <subfield code="c"> : 25. (Lw.)</subfield>
  </datafield>
  <datafield tag="035" ind1=" " ind2=" ">
   <subfield code="a">(DE-627)1607988240</subfield>
  </datafield>
  <datafield tag="035" ind1=" " ind2=" ">
   <subfield code="a">(DE-576)053313720</subfield>
  </datafield>
  <datafield tag="035" ind1=" " ind2=" ">
   <subfield code="a">(DE-599)DNB455694567</subfield>
  </datafield>
  <datafield tag="035" ind1=" " ind2=" ">
   <subfield code="a">(OCoLC)162963501</subfield>
  </datafield>
  <datafield tag="035" ind1=" " ind2=" ">
   <subfield code="a">(OCoLC)73596604</subfield>
  </datafield>
  <datafield tag="035" ind1=" " ind2=" ">
   <subfield code="a">(OCoLC)73596604</subfield>
  </datafield>
  <datafield tag="035" ind1=" " ind2=" ">
   <subfield code="a">(AT-OBV)AC03798902</subfield>
  </datafield>
  <datafield tag="040" ind1=" " ind2=" ">
   <subfield code="a">DE-627</subfield>
   <subfield code="b">ger</subfield>
   <subfield code="c">DE-627</subfield>
   <subfield code="e">rakwb</subfield>
  </datafield>
  <datafield tag="041" ind1=" " ind2=" ">
   <subfield code="a">ger</subfield>
  </datafield>
  <datafield tag="044" ind1=" " ind2=" ">
   <subfield code="c">XA-DE</subfield>
  </datafield>
  <datafield tag="084" ind1=" " ind2=" ">
   <subfield code="a">12a</subfield>
   <subfield code="2">sdnb</subfield>
  </datafield>
  <datafield tag="084" ind1=" " ind2=" ">
   <subfield code="a">9,10</subfield>
   <subfield code="2">ssgn</subfield>
  </datafield>
  <datafield tag="084" ind1=" " ind2=" ">
   <subfield code="a">LI 27508</subfield>
   <subfield code="2">rvk</subfield>
   <subfield code="0">(DE-625)rvk/95916:13286</subfield>
  </datafield>
  <datafield tag="084" ind1=" " ind2=" ">
   <subfield code="a">AN 35700</subfield>
   <subfield code="q">DE-24/24sred</subfield>
   <subfield code="2">rvk</subfield>
   <subfield code="0">(DE-625)rvk/6003:</subfield>
  </datafield>
  <datafield tag="084" ind1=" " ind2=" ">
   <subfield code="a">21.32</subfield>
   <subfield code="2">bkl</subfield>
  </datafield>
  <datafield tag="100" ind1="1" ind2=" ">
   <subfield code="a">Winkler, Friedrich</subfield>
   <subfield code="d">1888-1965</subfield>
   <subfield code="0">(DE-588)118769340</subfield>
   <subfield code="0">(DE-627)079548946</subfield>
   <subfield code="0">(DE-576)209432152</subfield>
   <subfield code="4">aut</subfield>
  </datafield>
  <datafield tag="245" ind1="1" ind2="0">
   <subfield code="a">Dürer und die Illustrationen zum Narrenschiff</subfield>
   <subfield code="b">die Baseler und Straßburger Arbeiten des Künstlers und der altdeutsche Holzschnitt</subfield>
   <subfield code="c">Friedrich Winkler</subfield>
  </datafield>
  <datafield tag="264" ind1=" " ind2="1">
   <subfield code="a">Berlin</subfield>
   <subfield code="b">Deutscher Verein für Kunstwissenschaft</subfield>
   <subfield code="c">1951</subfield>
  </datafield>
  <datafield tag="300" ind1=" " ind2=" ">
   <subfield code="a">118, 88 Seiten</subfield>
   <subfield code="b">zahlr. Illustrationen</subfield>
   <subfield code="c">26 cm</subfield>
  </datafield>
  <datafield tag="336" ind1=" " ind2=" ">
   <subfield code="a">Text</subfield>
   <subfield code="b">txt</subfield>
   <subfield code="2">rdacontent</subfield>
  </datafield>
  <datafield tag="337" ind1=" " ind2=" ">
   <subfield code="a">ohne Hilfsmittel zu benutzen</subfield>
   <subfield code="b">n</subfield>
   <subfield code="2">rdamedia</subfield>
  </datafield>
  <datafield tag="338" ind1=" " ind2=" ">
   <subfield code="a">Band</subfield>
   <subfield code="b">nc</subfield>
   <subfield code="2">rdacarrier</subfield>
  </datafield>
  <datafield tag="361" ind1="1" ind2=" ">
   <subfield code="5">DE-32</subfield>
   <subfield code="y">694549185</subfield>
   <subfield code="s">15867 - B</subfield>
   <subfield code="o">Vorbesitz</subfield>
   <subfield code="a">Thüringische Landesbibliothek Weimar</subfield>
   <subfield code="0">(DE-588)2024625-0</subfield>
   <subfield code="0">(DE-627)102170185</subfield>
   <subfield code="0">(DE-576)191771708</subfield>
   <subfield code="f">Einlage: Zettel</subfield>
   <subfield code="z">Lesedatum 1966 Februar 18</subfield>
  </datafield>
  <datafield tag="361" ind1="1" ind2=" ">
   <subfield code="5">DE-32</subfield>
   <subfield code="y">694549185</subfield>
   <subfield code="s">15867 - B</subfield>
   <subfield code="o">Vorbesitz</subfield>
   <subfield code="a">Thüringische Landesbibliothek Weimar</subfield>
   <subfield code="0">(DE-588)2024625-0</subfield>
   <subfield code="0">(DE-627)102170185</subfield>
   <subfield code="0">(DE-576)191771708</subfield>
   <subfield code="f">Einlage: Zettel</subfield>
   <subfield code="z">Lesedatum 1967 Februar 26</subfield>
  </datafield>
  <datafield tag="361" ind1="1" ind2=" ">
   <subfield code="5">DE-32</subfield>
   <subfield code="y">1175724262</subfield>
   <subfield code="s">Ku B 7011</subfield>
   <subfield code="o">Vorbesitz</subfield>
   <subfield code="a">Staatliche Kunstsammlungen Weimar</subfield>
   <subfield code="0">(DE-588)2022373-0</subfield>
   <subfield code="0">(DE-627)102096422</subfield>
   <subfield code="0">(DE-576)191753025</subfield>
   <subfield code="f">Nummer</subfield>
   <subfield code="f">Stempel</subfield>
  </datafield>
  <datafield tag="490" ind1="1" ind2=" ">
   <subfield code="a">Forschungen zur deutschen Kunstgeschichte</subfield>
   <subfield code="v">36</subfield>
  </datafield>
  <datafield tag="500" ind1=" " ind2=" ">
   <subfield code="a">Text, 88 gez. Bl. in Blockbuchform</subfield>
  </datafield>
  <datafield tag="561" ind1=" " ind2=" ">
   <subfield code="5">DE-32</subfield>
   <subfield code="3">Exemplarsatz-ID: 694549185, Signatur: 15867 - B</subfield>
   <subfield code="a">Vorbesitz: Thüringische Landesbibliothek Weimar ; http://d-nb.info/gnd/2024625-0 / Einlage: Zettel / Erläuterung: Lesedatum 1966 Februar 18</subfield>
  </datafield>
  <datafield tag="561" ind1=" " ind2=" ">
   <subfield code="5">DE-32</subfield>
   <subfield code="3">Exemplarsatz-ID: 694549185, Signatur: 15867 - B</subfield>
   <subfield code="a">Vorbesitz: Thüringische Landesbibliothek Weimar ; http://d-nb.info/gnd/2024625-0 / Einlage: Zettel / Erläuterung: Lesedatum 1967 Februar 26</subfield>
  </datafield>
  <datafield tag="561" ind1=" " ind2=" ">
   <subfield code="5">DE-32</subfield>
   <subfield code="3">Exemplarsatz-ID: 1175724262, Signatur: Ku B 7011</subfield>
   <subfield code="a">Vorbesitz: Staatliche Kunstsammlungen Weimar ; http://d-nb.info/gnd/2022373-0 / Nummer / Stempel</subfield>
  </datafield>
  <datafield tag="583" ind1="1" ind2=" ">
   <subfield code="a">Massenentsäuert</subfield>
   <subfield code="c">2016</subfield>
   <subfield code="k">DE-18</subfield>
   <subfield code="2">pdager</subfield>
   <subfield code="5">DE-18-308</subfield>
  </datafield>
  <datafield tag="583" ind1="1" ind2=" ">
   <subfield code="a">Archivierung/Langzeitarchivierung gewährleistet</subfield>
   <subfield code="f">SSG</subfield>
   <subfield code="x">XA-DE-BW</subfield>
   <subfield code="2">pdager</subfield>
   <subfield code="5">DE-16</subfield>
  </datafield>
  <datafield tag="689" ind1="0" ind2="0">
   <subfield code="d">u</subfield>
   <subfield code="0">(DE-588)4245841-9</subfield>
   <subfield code="0">(DE-627)104821868</subfield>
   <subfield code="0">(DE-576)210474726</subfield>
   <subfield code="a">Brant, Sebastian</subfield>
   <subfield code="d">1458-1521</subfield>
   <subfield code="t">Das Narrenschiff</subfield>
   <subfield code="2">gnd</subfield>
  </datafield>
  <datafield tag="689" ind1="0" ind2="1">
   <subfield code="d">s</subfield>
   <subfield code="0">(DE-588)4123412-1</subfield>
   <subfield code="0">(DE-627)104516488</subfield>
   <subfield code="0">(DE-576)209559519</subfield>
   <subfield code="a">Illustration</subfield>
   <subfield code="2">gnd</subfield>
  </datafield>
  <datafield tag="689" ind1="0" ind2="2">
   <subfield code="d">p</subfield>
   <subfield code="0">(DE-588)11852786X</subfield>
   <subfield code="0">(DE-627)133817024</subfield>
   <subfield code="0">(DE-576)160794544</subfield>
   <subfield code="a">Dürer, Albrecht</subfield>
   <subfield code="d">1471-1528</subfield>
   <subfield code="2">gnd</subfield>
  </datafield>
  <datafield tag="689" ind1="0" ind2=" ">
   <subfield code="5">(DE-627)</subfield>
  </datafield>
  <datafield tag="700" ind1="1" ind2=" ">
   <subfield code="a">Dürer, Albrecht</subfield>
   <subfield code="d">1471-1528</subfield>
   <subfield code="0">(DE-588)11852786X</subfield>
   <subfield code="0">(DE-627)133817024</subfield>
   <subfield code="0">(DE-576)160794544</subfield>
   <subfield code="4">oth</subfield>
  </datafield>
  <datafield tag="776" ind1="0" ind2="8">
   <subfield code="i">Erscheint auch als</subfield>
   <subfield code="n">Online-Ausgabe</subfield>
   <subfield code="a">Winkler, Friedrich</subfield>
   <subfield code="t">Dürer und die Illustrationen zum Narrenschiff</subfield>
   <subfield code="d">Berlin : Dt. Verein f. Kunstwissenschaft, 1951</subfield>
   <subfield code="h">118 S.</subfield>
   <subfield code="w">(DE-627)1549791664</subfield>
   <subfield code="w">(DE-576)47979166X</subfield>
  </datafield>
  <datafield tag="787" ind1="0" ind2="8">
   <subfield code="i">Rezensiert in</subfield>
   <subfield code="a">Schilling, Edmund, 1888 - 1974</subfield>
   <subfield code="t">[Rezension von: Friedrich Winkler, Dürer und die Illustrationen zum Narrenschiff]</subfield>
   <subfield code="d">Nürnberg : Carl, 1953</subfield>
   <subfield code="w">(DE-627)168205733X</subfield>
  </datafield>
  <datafield tag="830" ind1=" " ind2="0">
   <subfield code="a">Forschungen zur deutschen Kunstgeschichte</subfield>
   <subfield code="v">36</subfield>
   <subfield code="9">36</subfield>
   <subfield code="w">(DE-627)130287504</subfield>
   <subfield code="w">(DE-576)015860981</subfield>
   <subfield code="w">(DE-600)573060-0</subfield>
   <subfield code="7">ns</subfield>
  </datafield>
  <datafield tag="889" ind1=" " ind2=" ">
   <subfield code="w">(DE-576)9179730582</subfield>
  </datafield>
  <datafield tag="889" ind1=" " ind2=" ">
   <subfield code="w">(DE-627)179730584</subfield>
  </datafield>
  <datafield tag="935" ind1=" " ind2=" ">
   <subfield code="i">mdedup</subfield>
  </datafield>
  <datafield tag="936" ind1="r" ind2="v">
   <subfield code="a">LI 27508</subfield>
   <subfield code="b">der Künstler als Illustrator (und sonstiger Kunstschöpfer)</subfield>
   <subfield code="k">Kunstgeschichte</subfield>
   <subfield code="k">Künstler-Monografien</subfield>
   <subfield code="k">Alphabetische Künstlerliste</subfield>
   <subfield code="k">Künstler D</subfield>
   <subfield code="k">Dürer, Albrecht (bis 27510)</subfield>
   <subfield code="k">der Künstler als Illustrator (und sonstiger Kunstschöpfer)</subfield>
   <subfield code="0">(DE-627)1272227359</subfield>
   <subfield code="0">(DE-625)rvk/95916:13286</subfield>
   <subfield code="0">(DE-576)202227359</subfield>
  </datafield>
  <datafield tag="936" ind1="r" ind2="v">
   <subfield code="a">AN 35700</subfield>
   <subfield code="b">Einzelne Buchkünstler (CSN des Künstlers)</subfield>
   <subfield code="k">Allgemeines</subfield>
   <subfield code="k">Buch- und Bibliothekswesen, Informationswissenschaft</subfield>
   <subfield code="k">Buchwesen</subfield>
   <subfield code="k">Buchgestaltung, Buchillustration</subfield>
   <subfield code="k">Einzelne Buchkünstler (CSN des Künstlers)</subfield>
   <subfield code="0">(DE-627)1270677748</subfield>
   <subfield code="0">(DE-625)rvk/6003:</subfield>
   <subfield code="0">(DE-576)200677748</subfield>
  </datafield>
  <datafield tag="936" ind1="b" ind2="k">
   <subfield code="a">21.32</subfield>
   <subfield code="j">Geschichte der Graphik</subfield>
   <subfield code="0">(DE-627)106405756</subfield>
  </datafield>
  <datafield tag="951" ind1=" " ind2=" ">
   <subfield code="a">BO</subfield>
  </datafield>
  <datafield tag="990" ind1=" " ind2=" ">
   <subfield code="a">Brant, Sebastian / Das Narrenschiff</subfield>
  </datafield>
  <datafield tag="990" ind1=" " ind2=" ">
   <subfield code="a">Illustration</subfield>
  </datafield>
  <datafield tag="990" ind1=" " ind2=" ">
   <subfield code="a">Dürer, Albrecht</subfield>
  </datafield>
  <datafield tag="991" ind1=" " ind2=" ">
   <subfield code="a">Rezensiertes Werk</subfield>
  </datafield>
  <datafield tag="999" ind1=" " ind2=" ">
   <subfield code="a">KXP-PPN1607988240</subfield>
   <subfield code="e">4045761241</subfield>
  </datafield>
 </record>
</collection>
